NBA 2k youtubers - Statistics

General Stats
  • This quiz has been taken 459 times
  • The average score is 4 of 6
Answer Stats
is a sneaker head prettyboyfredo % Correct
is called ''the girraffe'' LSK
73%
A fan of kobe from canada Troydan
73%
raged over kd leaving LNU
66%
says splash when makes 3 pointer Chris smoove
63%
A total rage monster Cashnasty
52%
used to be a madden youtuber TdPresents
40%
No matching quizzes found
Score Distribution
Percent of People with Each Score
Percentile by Number Answered
Your Score History
You have not taken this quiz